000 00480nam a2200205Ia 4500
005 20250425162029.0
008 250425s9999 xx 000 0 und d
020 _a8482763857
041 _aspa
082 _a574.03
110 _aINTERCONTINENTAL BOOK COMPANY
245 0 _aDICCIONARIO DE BIOLOGIA
250 _a1A ED.
260 _aBOGOTA
260 _aColombia
_bNORMA
_c1982
300 _a342
650 _aDICCIONARIO DE BIOLOGIA
942 _c01
010 _a41336
999 _c220962
_d220962